000
00294nam a2200109Ia 4500
008
220216s9999 xx 000 0 und d
100
_a
Sivanadyan K
245
0
_a
Agronomic potential of natural rubber serum powder
650
_a
Natural Rubber serum powder
700
_a
Asokumar A
942
_c
JS
999
_c
54007
_d
54007